Persian documents; being letters, newsletters, and kindred documents pertaining to the several states existing in India in the last quarter of the 18th century, from the Oriental collection of the National Archives of India. (Record no. 28743)

MARC details
000 -LEADER
fixed length control field 01010nam a2200253u 4500
001 - CONTROL NUMBER
control field 6617852
003 - CONTROL NUMBER IDENTIFIER
control field BDDh-ASL
005 - DATE AND TIME OF LATEST TRANSACTION
control field 20231015030950.0
008 - FIXED-LENGTH DATA ELEMENTS--GENERAL INFORMATION
fixed length control field 830331m19669999ii abh 000 0 eng
010 ## - LIBRARY OF CONGRESS CONTROL NUMBER
LC control number sa 68012435
040 ## - CATALOGING SOURCE
Original cataloging agency DLC
Transcribing agency CarP
Modifying agency DLC
-- BDDh-ASL
043 ## - GEOGRAPHIC AREA CODE
Geographic area code a-ii---
050 00 - LIBRARY OF CONGRESS CALL NUMBER
Classification number DS462
Item number .S25
082 ## - DEWEY DECIMAL CLASSIFICATION NUMBER
Classification number 954
Item number PER
100 1# - MAIN ENTRY--PERSONAL NAME
Personal name Saran, Parmatma. [from old catalog]
245 10 - TITLE STATEMENT
Title Persian documents; being letters, newsletters, and kindred documents pertaining to the several states existing in India in the last quarter of the 18th century, from the Oriental collection of the National Archives of India.
260 ## - PUBLICATION, DISTRIBUTION, ETC.
Place of publication, distribution, etc. Bombay,
-- New York,
Name of publisher, distributor, etc. Asia Pub. House
Date of publication, distribution, etc. [1966-]
300 ## - PHYSICAL DESCRIPTION
Other physical details illus., facsims., fold. maps.
Dimensions 25 cm.
651 #0 - SUBJECT ADDED ENTRY--GEOGRAPHIC NAME
Geographic name India
General subdivision History
Chronological subdivision 18th century
General subdivision Sources. [from old catalog]
710 1# - ADDED ENTRY--CORPORATE NAME
Corporate name or jurisdiction name as entry element India (Republic)
Form subheading National Archives. [from old catalog]
740 ## - ADDED ENTRY--UNCONTROLLED RELATED/ANALYTICAL TITLE
Uncontrolled related/analytical title Fārsī akhbārāt o marāslāt.
906 ## - LOCAL DATA ELEMENT F, LDF (RLIN)
a 0
b cbc
c premunv
d u
e ncip
f 19
g y-gencatlg
942 ## - ADDED ENTRY ELEMENTS (KOHA)
Source of classification or shelving scheme Dewey Decimal Classification
Koha item type Books
Holdings
Withdrawn status Lost status Source of classification or shelving scheme Damaged status Not for loan Collection code Home library Current library Shelving location Date acquired Source of acquisition Serial Enumeration / chronology Total Checkouts Full call number Barcode Date last seen Copy number Price effective from Koha item type Public note
    Dewey Decimal Classification   Not For Loan Non-fiction Asiatic Society Library Asiatic Society Library General Stacks 05/19/2022 ASB Library Collection P-1   954 PER 116788 05/19/2022 C-1 05/19/2022 Books RARE

Powered by Koha